Об одной кольцевой схеме; Известия Томского политехнического института [Известия ТПИ]; Т. 73

Bibliografiset tiedot
Parent link:Известия Томского политехнического института [Известия ТПИ]/ Томский политехнический институт (ТПИ).— , 1944-1976
Т. 73.— 1952.— [С. 86-90]
Päätekijä: Могилевская Т. Ю. Тамара Юрьевна
Muut tekijät: Пухов Г. Е. Георгий Евгеньевич
Yhteenveto:Заглавие с титульного листа
Электронная версия печатной публикации
Kieli:venäjä
Julkaistu: 1952
Aiheet:
Linkit:http://www.lib.tpu.ru/fulltext/v/Bulletin_TPU/1952/v73/09.pdf
Aineistotyyppi: MixedMaterials Elektroninen Kirjan osa
KOHA link:https://koha.lib.tpu.ru/cgi-bin/koha/opac-detail.pl?biblionumber=186212

MARC

LEADER 00000nla2a2200000 4500
001 186212
005 20231031173451.0
035 |a (RuTPU)RU\TPU\book\202038 
035 |a RU\TPU\book\202037 
090 |a 186212 
100 |a 20101025d1952 k y0rusy50 ca 
101 0 |a rus 
102 |a RU 
135 |a drnn ---uucaa 
181 0 |a i  
182 0 |a b 
200 1 |a Об одной кольцевой схеме  |b Электронный ресурс  |f Т. Ю. Могилевская, Г. Е. Пухов 
203 |a Текст  |c электронный 
215 |a 1 файл (130 Кб) 
230 |a Электронные текстовые данные (1 файл : 130 Кб) 
300 |a Заглавие с титульного листа 
300 |a Электронная версия печатной публикации 
320 |a [Библиогр.: с. 90 (2 назв.)] 
337 |a Adobe Reader 
461 1 |0 (RuTPU)RU\TPU\book\200995  |t Известия Томского политехнического института [Известия ТПИ]  |f Томский политехнический институт (ТПИ)  |d 1944-1976 
463 1 |0 (RuTPU)RU\TPU\book\202026  |t Т. 73  |v [С. 86-90]  |d 1952  |p 160 с. 
610 1 |a электронный ресурс 
610 1 |a труды учёных ТПУ 
700 1 |a Могилевская  |b Т. Ю.  |c специалист в области электротехники  |c преподаватель Томского политехнического университета  |c выпускница энергетического ф-та ТПИ 1945  |f 1922-  |g Тамара Юрьевна  |2 stltpush  |3 (RuTPU)RU\TPU\pers\8861 
701 1 |a Пухов  |b Г. Е.  |c российский ученый  |c электротехник  |c профессор Томского политехнического университета  |f 1916-  |g Георгий Евгеньевич  |2 stltpush  |3 (RuTPU)RU\TPU\pers\19855 
801 1 |a RU  |b 63413507  |c 20090320  |g PSBO 
801 2 |a RU  |b 63413507  |c 20110707  |g PSBO 
856 4 |u http://www.lib.tpu.ru/fulltext/v/Bulletin_TPU/1952/v73/09.pdf 
942 |c CF